000 00959nam a22002055i 4500
001 173840
003 ES-MaACL
005 20250522202838.0
008 100125s1876 sp |||| | spa d
100 1 _aDelacour, Alfred.
_943281
245 1 3 _aEl pleito de Sandoval
_b: comedia en tres actos /
_cescrita en francés por los Sres. Delacour y Hennequin ; y arreglada a la escena española por Ramón de Navarrete y Pedro Avial.
260 _aMadrid :
_b[s.n.],
_c1876.
300 _a68 p. ;
_c17 cm.
500 _aEn port: Estrenada con gran aplauso en el teatro de La Comedia el 14 de febrero de 1876.
700 1 _aHennequin, Maurice.
_962556
700 1 _aNavarrete, Ramón de,
_d1818-1897
_985042
700 1 _aAvial, Pedro.
_924037
852 _aES-MaACL
_jF-8620(5)
_z.- Enc. pasta española
_q.- Falto de la cub. original
_z.- Enc. en un vol. facticio formando parte de la col. facticia "Teatro español moderno", vol. 75
999 _c173840
_d173840